[Event "Belgrade-chT2 Quality"]
[Site "Belgrade"]
[Date "2022.11.12"]
[Round "10.5"]
[White "Bosnic, Miroslav"]
[Black "Radovanovic, Srecko"]
[Result "1/2-1/2"]
[WhiteElo "2007"]
[BlackElo "1949"]
[PlyCount "64"]
[EventDate "2022.10.15"]
[EventType "team-tourn"]
[EventRounds "13"]
[EventCountry "SRB"]
[SourceTitle "EXT 2024"]
[Source "ChessBase"]
[SourceDate "2023.10.10"]
[SourceVersion "1"]
[SourceVersionDate "2023.10.10"]
[SourceQuality "1"]
[WhiteTeam "Novi Belgrade Technicka"]
[BlackTeam "Lazarevac Kolubara"]
[WhiteTeamCountry "SRB"]
[BlackTeamCountry "SRB"]

1. e4 c5 2. Nf3 Nc6 3. d4 cxd4 4. Nxd4 a6 5. g3 d6 6. Bg2 g6 7. 0-0 Bg7 8. Ne2 Nf6 9. Nbc3 0-0 10. h3 Qc7 11. g4 b5 12. f4 Bb7 13. Be3 e6 14. a3 Na5 15. Qd3 Nc4 16. Bc1 Rac8 17. b3 Na5 18. Bd2 Nd7 19. Ra2 Rfd8 20. Kh1 Nc6 21. Nd1 Nc5 22. Qe3 Ne7 23. Bc3 Bxc3 24. Ndxc3 d5 25. exd5 Nxd5 26. Nxd5 exd5 27. Nd4 Re8 28. Qf2 Ne4 29. Bxe4 Rxe4 30. Kg2 Qc3 31. Ne2 Qc7 32. Ng3 Re7 1/2-1/2

[Event "Belgrade-chT2 Quality"]
[Site "Belgrade"]
[Date "2022.11.06"]
[Round "9.5"]
[White "Milosavljevic, Dusan"]
[Black "Bosnic, Miroslav"]
[Result "1/2-1/2"]
[WhiteElo "2137"]
[BlackElo "2007"]
[PlyCount "81"]
[EventDate "2022.10.15"]
[EventType "team-tourn"]
[EventRounds "13"]
[EventCountry "SRB"]
[SourceTitle "EXT 2024"]
[Source "ChessBase"]
[SourceDate "2023.10.10"]
[SourceVersion "1"]
[SourceVersionDate "2023.10.10"]
[SourceQuality "1"]
[WhiteTeam "Belgrade Polet"]
[BlackTeam "Novi Belgrade Technicka"]
[WhiteTeamCountry "SRB"]
[BlackTeamCountry "SRB"]

1. e4 d5 2. exd5 Nf6 3. d4 Nxd5 4. c4 Nb6 5. Nc3 e5 6. dxe5 Qxd1+ 7. Nxd1 Nc6 8. f4 Be6 9. Ne3 Bc5 10. b3 0-0-0 11. Nf3 Nb4 12. Bd2 Rxd2 13. Kxd2 Rd8+ 14. Kc3 Bxe3 15. Kxb4 Bxf4 16. Re1 Nd7 17. g3 c5+ 18. Kc3 Bh6 19. h3 Nb8 20. Be2 Nc6 21. Rd1 Re8 22. Bd3 g6 23. Be4 Bd7 24. Rd5 b6 25. Rhd1 Re7 26. Rxd7 Rxd7 27. Rxd7 Kxd7 28. Bd5 Bg7 29. Bxf7 Nxe5 30. Nxe5+ Bxe5+ 31. Kd3 Bxg3 32. Bg8 h6 33. Bf7 g5 34. Ke4 Kd6 35. Kf5 Bf4 36. h4 Bd2 37. h5 Bc1 38. Bd5 b5 39. Bf3 g4 40. Bxg4 bxc4 41. bxc4 1/2-1/2

[Event "Belgrade-chT Quality"]
[Site "Belgrade"]
[Date "2021.11.20"]
[Round "11.5"]
[White "Rodic, Filip"]
[Black "Bosnic, Miroslav"]
[Result "1/2-1/2"]
[WhiteElo "1744"]
[BlackElo "2003"]
[PlyCount "81"]
[EventDate "2021.10.16"]
[EventType "team-tourn"]
[EventRounds "11"]
[EventCountry "SRB"]
[SourceTitle "EXT 2023"]
[Source "ChessBase"]
[SourceDate "2022.10.05"]
[SourceVersion "1"]
[SourceVersionDate "2022.10.05"]
[SourceQuality "1"]
[WhiteTeam "Belgrade Zemun"]
[BlackTeam "Belgrade Novi"]
[WhiteTeamCountry "SRB"]
[BlackTeamCountry "SRB"]

1. d4 Nf6 2. c4 e5 3. dxe5 Ne4 4. Nf3 Nc6 5. Nbd2 Nc5 6. b3 Qe7 7. e3 Nxe5 8. Qc2 d6 9. Be2 Bg4 10. 0-0 h5 11. Bb2 0-0-0 12. b4 Ncd7 13. Rfc1 c5 14. a3 Rh6 15. Nxe5 Nxe5 16. Ne4 Rg6 17. Bxe5 Qxe5 18. Bd3 Rh6 19. Qc3 Be7 20. bxc5 Qxc3 21. Nxc3 dxc5 22. Nd5 Bf6 23. Rab1 Be6 24. Be4 Rd7 25. Rd1 Bd8 26. Rd3 b6 27. Rbd1 Bc7 28. h3 Rh8 29. f4 f6 30. f5 Bxd5 31. Bxd5 Kb8 32. Be6 Rxd3 33. Rxd3 Rd8 34. Rxd8+ Bxd8 35. h4 Kc7 36. Kf2 Kd6 37. Ke2 Ke5 38. Kd3 g6 39. Bd7 gxf5 40. Be8 f4 41. e4 1/2-1/2

[Event "Belgrade-chT Quality"]
[Site "Belgrade"]
[Date "2021.11.07"]
[Round "8.4"]
[White "Becelic, Dejan"]
[Black "Bosnic, Miroslav"]
[Result "0-1"]
[WhiteElo "2055"]
[BlackElo "2003"]
[PlyCount "108"]
[EventDate "2021.10.16"]
[EventType "team-tourn"]
[EventRounds "11"]
[EventCountry "SRB"]
[SourceTitle "EXT 2023"]
[Source "ChessBase"]
[SourceDate "2022.10.05"]
[SourceVersion "1"]
[SourceVersionDate "2022.10.05"]
[SourceQuality "1"]
[WhiteTeam "Belgrade Bask"]
[BlackTeam "Belgrade Novi"]
[WhiteTeamCountry "SRB"]
[BlackTeamCountry "SRB"]

1. c4 c6 2. Nf3 d5 3. e3 Nf6 4. Qc2 g6 5. b3 Bg7 6. Bb2 0-0 7. Be2 Bg4 8. 0-0 Nbd7 9. d4 Rc8 10. c5 Bxf3 11. Bxf3 Qc7 12. h3 e5 13. dxe5 Nxe5 14. Be2 Ne4 15. Nd2 f5 16. b4 Nxd2 17. Qxd2 Qe7 18. Rab1 a6 19. Rfe1 Rce8 20. Bd4 Nd7 21. a4 Nf6 22. b5 axb5 23. axb5 Ne4 24. Qb2 Bxd4 25. exd4 Qg5 26. Bd3 Nd2 27. Rxe8 Rxe8 28. Rd1 Nf3+ 29. Kh1 Qf4 30. g3 Qxd4 31. Qxd4 Nxd4 32. bxc6 bxc6 33. Ba6 Ra8 34. Bf1 Nb3 35. Kg2 Ra5 36. Rb1 Nxc5 37. Rb6 Ne4 38. Rxc6 Ra2 39. Rc7 Rxf2+ 40. Kg1 Rf3 41. g4 fxg4 42. hxg4 Rg3+ 43. Kh2 Rxg4 44. Bh3 Rh4 45. Kg2 Ng5 46. Bd7 Rf4 47. Rc5 Kg7 48. Rxd5 Nf7 49. Kg3 Rf6 50. Bh3 Rd6 51. Ra5 Kf6 52. Ra1 Rd3+ 53. Kh2 Ng5 54. Bg2 Nf3+ 0-1

[Event "Belgrade-chT"]
[Site "Belgrade"]
[Date "2019.09.27"]
[Round "5.6"]
[White "Srdanovic, Jovana"]
[Black "Bosnic, Miroslav"]
[Result "1-0"]
[WhiteElo "1957"]
[BlackElo "2020"]
[PlyCount "75"]
[EventDate "2019.09.23"]
[EventType "team-tourn"]
[EventRounds "11"]
[EventCountry "SRB"]
[SourceTitle "EXT 2020"]
[Source "ChessBase"]
[SourceDate "2019.10.17"]
[SourceVersion "1"]
[SourceVersionDate "2019.10.17"]
[SourceQuality "1"]
[WhiteTeam "Belgrade"]
[BlackTeam "Belgrade EDB"]
[WhiteTeamCountry "SRB"]
[BlackTeamCountry "SRB"]

1. d4 Nf6 2. c4 e5 3. dxe5 Ne4 4. Nf3 Nc6 5. a3 d6 6. Bf4 g5 7. Be3 g4 8. Nfd2 Nxd2 9. Qxd2 Nxe5 10. Qc2 Qe7 11. Nd2 Be6 12. g3 Bd7 13. Bg2 Bc6 14. Bxc6+ Nxc6 15. Ne4 h6 16. Nc3 0-0-0 17. 0-0-0 Qe6 18. Nd5 a6 19. Nf4 Qe7 20. h3 gxh3 21. Qf5+ Qd7 22. Qxd7+ Rxd7 23. Nh5 Be7 24. Rxh3 Ne5 25. Bd4 Rg8 26. b3 Ng4 27. f3 Ne5 28. Kc2 Rdd8 29. Nf4 c6 30. g4 f5 31. gxf5 Rdf8 32. Bxe5 dxe5 33. Ng6 Rf7 34. Rxh6 Bxa3 35. e4 Bc5 36. Nxe5 Rg2+ 37. Rd2 Rfg7 38. Ng4 1-0

[Event "Belgrade Partizan CC-ch"]
[Site "Belgrade"]
[Date "2017.02.05"]
[Round "5"]
[White "Bosnic, Miroslav"]
[Black "Matovic, Mihajlo Z"]
[Result "0-1"]
[WhiteElo "2033"]
[BlackElo "2264"]
[PlyCount "78"]
[EventDate "2017.02.03"]
[EventType "tourn"]
[EventRounds "5"]
[EventCountry "SRB"]
[SourceTitle "CBM 176 Extra"]
[Source "ChessBase"]
[SourceDate "2017.03.02"]
[SourceVersion "1"]
[SourceVersionDate "2017.03.02"]
[SourceQuality "1"]

1. e4 c5 2. Nf3 d6 3. d4 Nf6 4. Nc3 cxd4 5. Nxd4 a6 6. g3 e5 7. Nde2 b5 8. Bg2 Bb7 9. 0-0 Nbd7 10. h3 h5 11. Bg5 Be7 12. a4 b4 13. Bxf6 Nxf6 14. Nd5 Nxd5 15. exd5 0-0 16. c3 Qb6 17. c4 Bf6 18. a5 Qc5 19. b3 h4 20. g4 e4 21. Ra2 Rae8 22. Qc2 Bd8 23. Bxe4 Bxa5 24. Kh1 Bb6 25. Qd3 Re7 26. Nf4 Rfe8 27. Bf3 g6 28. Kg2 Kg7 29. Bd1 Re4 30. Qd2 Rd4 31. Nd3 Bxd5+ 32. Kg1 Bxc4 33. Nxc5 Rxd2 34. Rxd2 Bxf1 35. Nd7 Re1 36. Nxb6 Be2+ 37. Kg2 Bxd1 38. Rxd6 Bxb3 39. Nd7 Rd1 0-1

[Event "Belgrade-chT Quality"]
[Site "Belgrade"]
[Date "2016.10.25"]
[Round "9.4"]
[White "Bosnic, Miroslav"]
[Black "Sarovski, Nikola"]
[Result "0-1"]
[WhiteElo "2056"]
[BlackElo "1922"]
[PlyCount "104"]
[EventDate "2016.10.01"]
[EventType "team-tourn"]
[EventRounds "11"]
[EventCountry "SRB"]
[SourceTitle "EXT 2018"]
[Source "ChessBase"]
[SourceDate "2017.10.13"]
[SourceVersion "1"]
[SourceVersionDate "2017.10.13"]
[SourceQuality "1"]

1. e4 e5 2. Nf3 Nc6 3. Nc3 Nf6 4. d4 Bb4 5. Nxe5 Qe7 6. Nxc6 Qxe4+ 7. Qe2 dxc6 8. Bd2 Qxe2+ 9. Bxe2 Bf5 10. 0-0-0 0-0-0 11. Be3 Ng4 12. Bxg4 Bxg4 13. f3 Be6 14. a3 Bxc3 15. bxc3 Rd5 16. Rhe1 h5 17. Bf4 g5 18. Be5 Rg8 19. Bg3 h4 20. Bf2 Ra5 21. Kb2 Rb5+ 22. Kc1 h3 23. g3 Ra5 24. Kb2 Rf5 25. Re3 Bd5 26. f4 gxf4 27. gxf4 Rxf4 28. Bg3 Rf5 29. Rde1 Be6 30. Be5 Rf2 31. Bg3 Rg2 32. Rf1 b5 33. Rf6 Rh8 34. Be5 Rh7 35. Rff3 Kd7 36. Rf4 a5 37. Rf6 a4 38. Rff3 Rh5 39. Bg3 Rg5 40. Bf4 Rf5 41. Be5 Rfg5 42. Rxh3 Bxh3 43. Rxh3 Rf5 44. Bg3 Rf1 45. Rh7 Rgg1 46. c4 Rf3 47. cxb5 cxb5 48. Rh5 c6 49. Rc5 Rd1 50. c4 Rxd4 51. cxb5 Rb3+ 52. Kc2 cxb5 0-1

[Event "Belgrade-chT Quality"]
[Site "Belgrade"]
[Date "2016.10.16"]
[Round "6.5"]
[White "Bosnic, Miroslav"]
[Black "Vujanovic, Aleksa"]
[Result "1/2-1/2"]
[WhiteElo "2056"]
[BlackElo "1879"]
[PlyCount "21"]
[EventDate "2016.10.01"]
[EventType "team-tourn"]
[EventRounds "11"]
[EventCountry "SRB"]
[SourceTitle "EXT 2018"]
[Source "ChessBase"]
[SourceDate "2017.10.13"]
[SourceVersion "1"]
[SourceVersionDate "2017.10.13"]
[SourceQuality "1"]

1. e4 c5 2. Nf3 d6 3. d4 cxd4 4. Nxd4 Nf6 5. Nc3 g6 6. Be3 Bg7 7. f3 0-0 8. Qd2 Nc6 9. Bc4 Bd7 10. 0-0 Rc8 11. Bb3 1/2-1/2

[Event "Belgrade-chT Quality"]
[Site "Belgrade"]
[Date "2015.11.02"]
[Round "8"]
[White "Bosnic, Miroslav"]
[Black "Petrovic, Radenko"]
[Result "0-1"]
[WhiteElo "2061"]
[BlackElo "2040"]
[PlyCount "64"]
[EventDate "2015.10.03"]
[EventType "team-tourn"]
[EventRounds "11"]
[EventCountry "SRB"]
[SourceTitle "EXT 2018"]
[Source "ChessBase"]
[SourceDate "2017.10.13"]
[SourceVersion "1"]
[SourceVersionDate "2017.10.13"]
[SourceQuality "1"]

1. e4 e6 2. d4 d5 3. Nc3 Bb4 4. e5 c5 5. Bd2 cxd4 6. Nb5 Bxd2+ 7. Qxd2 Nc6 8. f4 Nh6 9. Nd6+ Kf8 10. Be2 f6 11. Nf3 fxe5 12. fxe5 Nxe5 13. Nxe5 Qxd6 14. Qxd4 Bd7 15. 0-0+ Kg8 16. Qf4 Be8 17. Rf2 Nf7 18. Raf1 g5 19. Qf6 Nxe5 20. Qxg5+ Bg6 21. h4 h6 22. Qg3 h5 23. Kh1 Rh7 24. Bd3 Rg7 25. Bxg6 Rxg6 26. Qf4 Rg4 27. Qf6 Ng6 28. Rf3 Rf8 29. Qc3 Rxh4+ 30. Kg1 Qh2+ 31. Kf2 Rxf3+ 32. Kxf3 Rf4+ 0-1

[Event "Belgrade-chT"]
[Site "Belgrade"]
[Date "2014.10.04"]
[Round "1"]
[White "Mikicic, Dragan"]
[Black "Bosnic, Miroslav"]
[Result "1/2-1/2"]
[WhiteElo "2173"]
[BlackElo "2070"]
[PlyCount "59"]
[EventDate "2014.10.04"]
[EventType "team-tourn"]
[EventRounds "13"]
[EventCountry "SRB"]
[SourceTitle "EXT 2015"]
[Source "ChessBase"]
[SourceDate "2014.11.20"]
[SourceVersion "1"]
[SourceVersionDate "2014.11.20"]
[SourceQuality "1"]

1. c4 c6 2. Nc3 d5 3. d4 Nf6 4. Nf3 dxc4 5. a4 Na6 6. e4 Bg4 7. Bxc4 e6 8. e5 Nd5 9. 0-0 Nab4 10. Ne4 Be7 11. Ra3 Bh5 12. Bg5 0-0 13. Qd2 Bg6 14. Bxe7 Qxe7 15. Nd6 a5 16. Ng5 f6 17. Nge4 fxe5 18. dxe5 Rf4 19. Re1 Bxe4 20. Nxe4 Raf8 21. g3 R4f5 22. f4 Rd8 23. Nd6 Rff8 24. Rf1 Nb6 25. Qc3 Nc8 26. Ne4 Kh8 27. Ng5 Nd5 28. Bxd5 Rxd5 29. Qc2 g6 30. Rd1 1/2-1/2

[Event "Belgrade City-chT"]
[Site "Belgrade"]
[Date "2013.10.27"]
[Round "2"]
[White "Bosnic, Miroslav"]
[Black "Molnar, Sasa"]
[Result "1/2-1/2"]
[WhiteElo "2075"]
[BlackElo "2106"]
[PlyCount "126"]
[EventDate "2013.10.26"]
[EventType "team-tourn"]
[EventRounds "11"]
[EventCountry "SRB"]
[SourceTitle "EXT 2015"]
[Source "ChessBase"]
[SourceDate "2014.11.20"]
[SourceVersion "1"]
[SourceVersionDate "2014.11.20"]
[SourceQuality "1"]

1. e4 d5 2. exd5 Qxd5 3. Nc3 Qd6 4. d4 Nf6 5. Bd3 Nc6 6. Nge2 Bg4 7. f3 Bh5 8. Bf4 Qd7 9. Ne4 e6 10. Nxf6+ gxf6 11. Ng3 Bg6 12. Bxg6 hxg6 13. c3 0-0-0 14. Qa4 e5 15. dxe5 Rh4 16. Ne2 fxe5 17. g3 Rh5 18. Be3 Qd3 19. Kf2 f5 20. h4 Qd5 21. Rad1 Qa5 22. Rxd8+ Kxd8 23. Qc4 Ke8 24. b4 Qa3 25. Qe6+ Ne7 26. Bg5 Qa6 27. Qxa6 bxa6 28. Rd1 Nc6 29. Rd5 Be7 30. Bxe7 Kxe7 31. Kg2 g5 32. hxg5 Rxg5 33. Nc1 Rg6 34. Nb3 f4 35. g4 e4 36. fxe4 Rxg4+ 37. Kf2 Rg3 38. Rc5 Kd6 39. Nd2 Ne5 40. Rd5+ Ke6 41. Ra5 Ng4+ 42. Ke2 Re3+ 43. Kd1 Rxc3 44. Rxa6+ Ke5 45. Rxa7 f3 46. Nxf3+ Rxf3 47. Rxc7 Ra3 48. Kc1 Rxa2 49. Rc2 Ra4 50. Rb2 Kxe4 51. Kc2 Ne5 52. Kb3 Ra7 53. Rh2 Nf3 54. Rh8 Nd4+ 55. Kb2 Kd3 56. b5 Rb7 57. Rd8 Rxb5+ 58. Kc1 Rc5+ 59. Kd1 Rh5 60. Ke1 Re5+ 61. Kf2 Ke4 62. Ra8 Rf5+ 63. Kg2 Rb5 1/2-1/2

[Event "Belgrade-chT Quality"]
[Site "Belgrade"]
[Date "2012.10.21"]
[Round "4.2"]
[White "Sekulovic, Aleksandar"]
[Black "Bosnic, Miroslav"]
[Result "0-1"]
[WhiteElo "2068"]
[BlackElo "2082"]
[PlyCount "88"]
[EventDate "2012.10.13"]
[EventType "team-tourn"]
[EventRounds "11"]
[EventCountry "SRB"]
[SourceTitle "EXT 2019"]
[Source "ChessBase"]
[SourceDate "2018.10.10"]
[SourceVersion "1"]
[SourceVersionDate "2018.10.10"]
[SourceQuality "1"]

1. e4 d5 2. exd5 Nf6 3. d4 Nxd5 4. c4 Nb6 5. Nc3 e5 6. Qe2 Qxd4 7. Nf3 Qc5 8. Be3 Qa5 9. Bd2 Bb4 10. Nb5 Bxd2+ 11. Nxd2 N6d7 12. b4 Qb6 13. Qe4 Na6 14. c5 Qc6 15. Qh4 Nf6 16. Be2 Be6 17. 0-0 Nd5 18. a3 Nf4 19. Bf3 Qxb5 20. Rfe1 0-0 21. Ne4 Bd5 22. Nc3 Qc4 23. Bxd5 Ne2+ 24. Nxe2 Qxh4 25. Bxb7 Nxb4 26. axb4 Rab8 27. c6 Qxb4 28. Ng3 Rfe8 29. Reb1 Qc5 30. Rc1 Qe7 31. Rxa7 g6 32. Ne4 Red8 33. h3 Rd5 34. Ba6 Kg7 35. Rb7 Rbd8 36. Rbb1 f5 37. Ng3 e4 38. Re1 Rd2 39. Nf1 Rc2 40. Bb7 f4 41. Rbd1 Rxd1 42. Rxd1 Qc5 43. Rd2 Rxd2 44. Nxd2 e3 0-1

[Event "Belgrade-chT Quality"]
[Site "Belgrade"]
[Date "2011.11.01"]
[Round "8"]
[White "Lorens Ristovic, Lami M"]
[Black "Bosnic, Miroslav"]
[Result "1-0"]
[WhiteElo "2115"]
[BlackElo "2118"]
[PlyCount "109"]
[EventDate "2011.10.15"]
[EventType "team-swiss"]
[EventRounds "11"]
[EventCountry "SRB"]
[SourceTitle "EXT 2012"]
[Source "ChessBase"]
[SourceDate "2011.11.24"]
[SourceVersion "1"]
[SourceVersionDate "2011.11.24"]
[SourceQuality "1"]

1. c4 c6 2. d4 d5 3. Nc3 Nf6 4. Nf3 dxc4 5. a4 Na6 6. e3 Bg4 7. Bxc4 e6 8. Qb3 Qb6 9. Ne5 Qxb3 10. Bxb3 Bf5 11. f3 h5 12. e4 Bh7 13. Be3 Nb4 14. a5 Be7 15. Ke2 0-0 16. Ra4 Rfd8 17. Na2 Na6 18. Bc4 Nc7 19. Nc3 a6 20. Raa1 Nb5 21. Rhd1 Nd7 22. Nd3 Bf6 23. Bxb5 axb5 24. b4 Ra6 25. Rdc1 Rda8 26. Nc5 Nxc5 27. dxc5 Rd8 28. Rc2 Kf8 29. Rd1 Rxd1 30. Nxd1 Ra8 31. Bf4 Ke8 32. Bd6 g5 33. h3 Ba1 34. g4 h4 35. Ne3 Bg7 36. Rc1 Bd4 37. Rd1 Bc3 38. Rb1 Bd4 39. Rb3 Bxe3 40. Kxe3 f6 41. f4 gxf4+ 42. Kxf4 e5+ 43. Ke3 Kf7 44. Rd3 Rd8 45. Rd2 Ke6 46. Rd1 Bg6 47. Rg1 Rg8 48. Rg2 Bh7 49. Ra2 Ra8 50. Bc7 Rc8 51. Bb6 Ra8 52. Rd2 Ke7 53. Rd6 Rg8 54. a6 bxa6 55. Rxc6 1-0

[Event "Belgrade-chT Quality"]
[Site "Belgrade"]
[Date "2011.10.29"]
[Round "5"]
[White "Banjovic, Sasa"]
[Black "Bosnic, Miroslav"]
[Result "0-1"]
[WhiteElo "2171"]
[BlackElo "2118"]
[PlyCount "56"]
[EventDate "2011.10.15"]
[EventType "team-swiss"]
[EventRounds "11"]
[EventCountry "SRB"]
[SourceTitle "EXT 2012"]
[Source "ChessBase"]
[SourceDate "2011.11.24"]
[SourceVersion "1"]
[SourceVersionDate "2011.11.24"]
[SourceQuality "1"]

1. d4 d5 2. c4 c6 3. Nf3 Nf6 4. Nc3 dxc4 5. e4 b5 6. e5 Nd5 7. Ne4 e6 8. Bd2 Be7 9. a4 0-0 10. b3 cxb3 11. axb5 b2 12. Ra2 cxb5 13. Bxb5 Qb6 14. Qb3 Nc6 15. Rxb2 Nxd4 16. Qa4 Nxf3+ 17. gxf3 Rd8 18. Ba5 Qb7 19. Nd6 Bxd6 20. exd6 a6 21. Rg1 g6 22. h4 axb5 23. Qd4 Qc6 24. h5 Qc1+ 25. Ke2 Qxg1 26. h6 f6 27. Rc2 b4 28. Rc5 Ba6+ 0-1

[Event "SRB-chT quality"]
[Site "Belgrade"]
[Date "2010.10.29"]
[Round "9"]
[White "Bosnic, Miroslav"]
[Black "Lukovic, Vladimir"]
[Result "1/2-1/2"]
[WhiteElo "2137"]
[BlackElo "2201"]
[PlyCount "30"]
[EventDate "2010.10.09"]
[EventType "team-tourn"]
[EventRounds "11"]
[EventCountry "YUG"]
[SourceTitle "EXT 2011"]
[Source "ChessBase"]
[SourceDate "2010.11.26"]
[SourceVersion "1"]
[SourceVersionDate "2010.11.26"]
[SourceQuality "1"]

1. e4 c5 2. Nf3 e6 3. d4 cxd4 4. Nxd4 a6 5. c4 Nc6 6. Be3 Nf6 7. f3 d6 8. Nc3 Be7 9. Qd2 Bd7 10. Be2 0-0 11. 0-0 Rc8 12. Rac1 Nxd4 13. Bxd4 Bc6 14. Be3 Qa5 15. a3 Rfd8 1/2-1/2

[Event "SRB-chT quality"]
[Site "Belgrade"]
[Date "2010.10.10"]
[Round "2"]
[White "Lukic, Nenad D"]
[Black "Bosnic, Miroslav"]
[Result "0-1"]
[WhiteElo "2165"]
[BlackElo "2137"]
[PlyCount "56"]
[EventDate "2010.10.09"]
[EventType "team-tourn"]
[EventRounds "11"]
[EventCountry "YUG"]
[SourceTitle "EXT 2011"]
[Source "ChessBase"]
[SourceDate "2010.11.26"]
[SourceVersion "1"]
[SourceVersionDate "2010.11.26"]
[SourceQuality "1"]

1. d4 Nf6 2. Nf3 d6 3. Nbd2 Bg4 4. e4 Nbd7 5. h3 Bxf3 6. Qxf3 c6 7. Bc4 e6 8. 0-0 Be7 9. Re1 0-0 10. e5 dxe5 11. dxe5 Nd5 12. a3 Qb6 13. Bd3 f5 14. c4 Nc7 15. b4 Qd4 16. Nb3 Qc3 17. Qd1 Nxe5 18. Bd2 Qxd3 19. Rxe5 Qxc4 20. Rc1 Qd3 21. Rc3 Qd7 22. Qe2 Rad8 23. Ra5 a6 24. Rc1 Qd3 25. Qxd3 Rxd3 26. Rc3 Rfd8 27. Kf1 Nb5 28. Rxd3 Rxd3 0-1

[Event "Belgrade-chT Quality"]
[Site "Belgrade"]
[Date "2009.10.17"]
[Round "2"]
[White "Nikolic, Dragoslav"]
[Black "Bosnic, Miroslav"]
[Result "1/2-1/2"]
[WhiteElo "2297"]
[BlackElo "2098"]
[PlyCount "78"]
[EventDate "2009.10.11"]
[EventType "team-tourn"]
[EventRounds "11"]
[EventCountry "YUG"]
[SourceTitle "CBM 133 Extra"]
[Source "ChessBase"]
[SourceDate "2010.01.05"]
[SourceVersion "1"]
[SourceVersionDate "2010.01.05"]
[SourceQuality "1"]

1. e4 d5 2. Nc3 dxe4 3. Nxe4 Nd7 4. d4 Ngf6 5. Ng3 e6 6. Nf3 Be7 7. Bd3 0-0 8. 0-0 b6 9. Ne5 Nxe5 10. dxe5 Nd7 11. Qf3 Rb8 12. Rd1 Bb7 13. Bxh7+ Kxh7 14. Qd3+ Kg8 15. Qxd7 Qxd7 16. Rxd7 Rfd8 17. Rxd8+ Rxd8 18. Be3 Rd5 19. f4 f6 20. exf6 Bxf6 21. c3 Rb5 22. Bc1 a5 23. Nf1 Rd5 24. Ne3 Rd3 25. Kf2 a4 26. a3 Be7 27. Ke2 Ba6 28. c4 Rb3 29. Kd2 Bc5 30. Nd1 Bd4 31. Nc3 Bxc3+ 32. bxc3 Bxc4 33. g3 Rb5 34. Ke1 Rh5 35. h4 Rd5 36. Be3 Rd3 37. Kf2 Rxc3 38. Rc1 Rxc1 39. Bxc1 g6 1/2-1/2